ნორმალური ფორმატი
MARC ფორმატი
ჩანაწერი Personal Name
ჩანაწერთა რაოდენობა, რომელიც გამოყენებულია: 4
001 - CONTROL NUMBER
- control field: 24180
003 - CONTROL NUMBER IDENTIFIER
- control field: GE_BSU
005 - DATE AND TIME OF LATEST TRANSACTION
- control field: 20250130111352.0
008 - FIXED-LENGTH DATA ELEMENTS
- fixed length control field: 250130|| aca||aabn | a|a d
040 ## - CATALOGING SOURCE
- Original cataloging agency: GE_BSU
- Transcribing agency: GE_BSU
100 ## - HEADING--PERSONAL NAME
- Personal name: Foley, Mark
670 ## - SOURCE DATA FOUND
- Source citation: Work cat.: (GE_BSU)49641: Foley, Mark, Total English : Upper Intermediate Workbook (with key) :
